00475 2200169 4500001002100000005001500021007000300036008004100039020000600080035002000086082001200106084001600118245010200134250000600236260005100242300001200293INLIS00000000000219520260415035523ta260415 g 0 ind  a- a0010-0426000026 a636.085 a636.085 SNI aSNI 7992:2024 Bahan Pakan - Hasil Samping Penggilingan Biji Gandum (Wheat Pollard and Wheat Bran) a- aJakarta :bBadan Standardisasi Nasional,c2024 a12 hlm.